Monetary targets and inflation control

Guardado en:
Detalles Bibliográficos
Formato: Libro
Lenguaje:inglés
Publicado: Paris Organisation for Economic Co-operation and Development 1979
Etiquetas: Agregar Etiqueta
Sin Etiquetas, Sea el primero en etiquetar este registro!

MARC

LEADER 00000nam a2200000 4500
001 c144144
005 20041019155653.6
041 0 |a eng 
044 |a FR 
245 1 0 |a Monetary targets and inflation control 
264 1 |a Paris  |b Organisation for Economic Co-operation and Development  |c 1979 
300 |a 101 s.